000
00265nam a2200121Ia 4500
008
191201s1991 xx 000 0 und d
100
_a
TOFFLER, Alvin
245
0
_a
Power Shift
260
_a
N. Delhi
_b
IBD
_c
1991
300
_a
611
650
_a
MBA
942
_2
ddc
_c
BK
999
_c
5200
_d
5200